Bill the boy wonder : (Record no. 1580)

MARC details
000 -LEADER
fixed length control field 00950cam a2200253 a 4500
005 - DATE AND TIME OF LATEST TRANSACTION
control field 20240221125715.0
020 ## - INTERNATIONAL STANDARD BOOK NUMBER
International Standard Book Number 9780545617437
040 ## - CATALOGING SOURCE
Original cataloging agency DLC
Transcribing agency DLC
Modifying agency DLC
-- DLC
Language of cataloging eng
050 00 - LIBRARY OF CONGRESS CALL NUMBER
Classification number PN6727.F495
Item number Z75 2012
082 00 - DEWEY DECIMAL CLASSIFICATION NUMBER
Classification number 741.5/973
-- B
Edition number 23
100 1# - MAIN ENTRY--PERSONAL NAME
Personal name Nobleman, Marc Tyler.
245 10 - TITLE STATEMENT
Title Bill the boy wonder :
Remainder of title the secret co-creator of Batman /
Statement of responsibility, etc. Marc Tyler Nobleman ; illustrated by Ty Templeton.
260 ## - PUBLICATION, DISTRIBUTION, ETC.
Place of publication, distribution, etc. Watertown, MA :
Name of publisher, distributor, etc. Scholastic
Date of publication, distribution, etc. 2012
300 ## - PHYSICAL DESCRIPTION
Extent 48 unnumbered pages :
Other physical details color illustrations ;
Dimensions 29 cm
505 ## - FORMATTED CONTENTS NOTE
Formatted contents note Z <br/>
520 ## - SUMMARY, ETC.
Summary, etc. Recounts the life of the unrecognized co-creator of the Batman comic strip and details the author's quest to find out more about him.
521 ## - TARGET AUDIENCE NOTE
Target audience note 970 <br/>
Source Lexile <br/>
521 ## - TARGET AUDIENCE NOTE
Target audience note Z <br/>
Source Raz-Plus <br/>
650 #0 - SUBJECT ADDED ENTRY--TOPICAL TERM
Topical term or geographic name entry element Cartoonists
Geographic subdivision United States
Form subdivision Biography
-- Juvenile literature.
700 1# - ADDED ENTRY--PERSONAL NAME
Personal name Templeton, Ty
906 ## - LOCAL DATA ELEMENT F, LDF (RLIN)
a 7
b cbc
c orignew
d 1
e ecip
f 20
g y-gencatlg
942 ## - ADDED ENTRY ELEMENTS (KOHA)
Source of classification or shelving scheme Dewey Decimal Classification
Koha item type Books
Suppress in OPAC No
999 ## -
-- 1580
-- 1580
Holdings
Withdrawn status Lost status Source of classification or shelving scheme Damaged status Not for loan Collection Home library Current library Shelving location Date acquired Total Checkouts Full call number Barcode Date last seen Copy number Price effective from Koha item type
    Dewey Decimal Classification     Fiction Footprints International School Library Network Toul Kork Campus Footprints International School Library Network Toul Kork Campus   02/17/2024   NOB Fic PN6727.F495 FISSE00841 09/07/2023 1 02/17/2024 Books
    Dewey Decimal Classification     Fiction Footprints International School Library Network Toul Kork Campus Footprints International School Library Network Toul Kork Campus TTP Secondary Fiction Bookshelves 02/17/2024   NOB Fic PN6727.F495 FISSE00840 12/09/2024 2 02/17/2024 Books